[Event "Sachsen-ch U18 Girls"]
[Site "Sebnitz"]
[Date "2006.04.20"]
[Round "5"]
[White "Geissler, Angie"]
[Black "Benecke, Carolin"]
[Result "0-1"]
[WhiteElo "1170"]
[BlackElo "1216"]
[PlyCount "94"]
[EventDate "2006.04.18"]
[EventType "swiss"]
[EventRounds "7"]
[EventCountry "GER"]
[SourceTitle "EXT 2007"]
[Source "ChessBase"]
[SourceDate "2006.11.23"]
[SourceVersion "1"]
[SourceVersionDate "2006.11.23"]
[SourceQuality "1"]

1. e4 e5 2. Nf3 Nc6 3. Bc4 Be7 4. a3 Nf6 5. d3 d6 6. h3 a6 7. 0-0 d5 8. exd5 Nxd5 9. Bxd5 Qxd5 10. Nc3 Qd8 11. Re1 Bd6 12. d4 f6 13. b4 0-0 14. dxe5 Nxe5 15. Nd5 c6 16. Ne3 a5 17. c3 axb4 18. cxb4 Bxb4 19. Qb3+ Kh8 20. Nxe5 Bxe1 21. Nf7+ Rxf7 22. Qxf7 Qg8 23. Qxg8+ Kxg8 24. Nc4 Ba5 25. Rb1 Bc7 26. Rb4 b5 27. Nb2 Rxa3 28. Re4 Be5 29. f4 Bf5 30. Re2 Ra1 31. fxe5 Rxc1+ 32. Kh2 Kf7 33. g4 Rc2 34. Rxc2 Bxc2 35. exf6 Kxf6 36. Kg3 c5 37. Kf3 c4 38. Ke2 c3 39. Nd1 Bxd1+ 40. Kxd1 Kg5 41. Kc2 Kh4 42. Kxc3 Kxh3 43. g5 Kg4 44. g6 hxg6 45. Kb4 Kf3 46. Kxb5 g5 47. Kc4 g4 0-1

[Event "Sachsen-ch U18 Girls"]
[Site "Sebnitz"]
[Date "2006.04.19"]
[Round "3"]
[White "Geissler, Angie"]
[Black "Pfefferkorn, Katja"]
[Result "0-1"]
[WhiteElo "1170"]
[BlackElo "1210"]
[PlyCount "34"]
[EventDate "2006.04.18"]
[EventType "swiss"]
[EventRounds "7"]
[EventCountry "GER"]
[SourceTitle "EXT 2007"]
[Source "ChessBase"]
[SourceDate "2006.11.23"]
[SourceVersion "1"]
[SourceVersionDate "2006.11.23"]
[SourceQuality "1"]

1. e4 c5 2. Nc3 Nc6 3. Nf3 e6 4. a3 a6 5. d4 cxd4 6. Nxd4 Qc7 7. g3 Nf6 8. Nxc6 bxc6 9. Be3 Rb8 10. b4 c5 11. bxc5 Bxc5 12. Bxc5 Qxc5 13. Qf3 Qe5 14. Be2 Nxe4 15. Rb1 Rxb1+ 16. Bd1 Nxc3+ 17. Kd2 Rxd1+ 0-1

[Event "Sachsen-ch U18 Girls"]
[Site "Sebnitz"]
[Date "2006.04.18"]
[Round "2"]
[White "Dietz, Constanze"]
[Black "Geissler, Angie"]
[Result "1/2-1/2"]
[WhiteElo "1227"]
[BlackElo "1170"]
[PlyCount "143"]
[EventDate "2006.04.18"]
[EventType "swiss"]
[EventRounds "7"]
[EventCountry "GER"]
[SourceTitle "EXT 2007"]
[Source "ChessBase"]
[SourceDate "2006.11.23"]
[SourceVersion "1"]
[SourceVersionDate "2006.11.23"]
[SourceQuality "1"]

1. e4 e5 2. Nf3 Nc6 3. Bc4 h6 4. c3 d6 5. h3 Nf6 6. Qc2 Na5 7. Be2 c5 8. d3 Qc7 9. Nbd2 Be6 10. b3 Rd8 11. Bb2 d5 12. exd5 Nxd5 13. 0-0 f6 14. Rac1 Qd7 15. d4 Nf4 16. Bc4 Bxh3 17. gxh3 Qxh3 18. Ne1 Nxc4 19. Nxc4 Qg4+ 20. Kh2 Qh4+ 21. Kg1 Qg4+ 22. Kh2 exd4 23. Qe4+ Be7 24. Qf3 Qxf3 25. Nxf3 d3 26. Ncd2 0-0 27. Rcd1 g5 28. Ne1 Rd7 29. c4 a6 30. Bc3 Bd8 31. Ne4 b6 32. Bd2 Bc7 33. Kh1 f5 34. Nc3 Ne2 35. Nd5 b5 36. Nxd3 Bd6 37. Rfe1 Nd4 38. Bc3 Kg7 39. Bxd4+ cxd4 40. cxb5 axb5 41. N5b4 Bxb4 42. Nxb4 Kf6 43. Rd3 f4 44. Red1 Ke5 45. Nc6+ Ke4 46. f3+ Kf5 47. Nxd4+ Kf6 48. Nxb5 Rxd3 49. Rxd3 Rb8 50. Nc3 Ra8 51. a4 Rb8 52. Ne4+ Kg6 53. a5 Rb5 54. a6 h5 55. a7 Ra5 56. Rd7 g4 57. b4 Ra1+ 58. Kg2 Ra2+ 59. Rd2 Rxa7 60. fxg4 hxg4 61. Rf2 Kf5 62. Nd6+ Ke5 63. Nc4+ Ke4 64. b5 Ra4 65. Nd2+ Kf5 66. Nf1 Rb4 67. Ne3+ Kg5 68. Nd5 f3+ 69. Kg3 Rxb5 70. Ne3 Re5 71. Nxg4 Re4 72. Nh2 1/2-1/2

[Event "Sachsen-ch U16 Girls"]
[Site "Sebnitz"]
[Date "2005.03.31"]
[Round "5"]
[White "Worch, Stephanie"]
[Black "Geissler, Angie"]
[Result "1-0"]
[WhiteElo "1252"]
[BlackElo "1134"]
[PlyCount "77"]
[EventDate "2005.03.29"]
[EventType "swiss"]
[EventRounds "7"]
[EventCountry "GER"]
[SourceTitle "EXT 2007"]
[Source "ChessBase"]
[SourceDate "2006.11.23"]
[SourceVersion "1"]
[SourceVersionDate "2006.11.23"]
[SourceQuality "1"]

1. e4 e5 2. Nc3 Bc5 3. Bc4 d6 4. d3 Nc6 5. h3 h6 6. Nf3 Nf6 7. a3 0-0 8. 0-0 Be6 9. Bxe6 fxe6 10. Be3 Nd7 11. d4 Bxd4 12. Bxd4 exd4 13. Nxd4 Nde5 14. Nxe6 Qd7 15. Nxf8 Rxf8 16. f4 Nc4 17. Qd5+ Qf7 18. b3 Ne3 19. Qxf7+ Rxf7 20. Rf2 Nd4 21. f5 Ndxc2 22. Ra2 Nd4 23. Rab2 Kf8 24. Rfd2 c5 25. Rd3 Nec2 26. b4 b6 27. bxc5 dxc5 28. Kf2 g6 29. g4 g5 30. Ne2 Kg7 31. Nxd4 Nxd4 32. Kg3 b5 33. e5 Nc6 34. e6 Re7 35. Rxb5 Ne5 36. Rd5 Kf6 37. Rbxc5 a6 38. Rxe5 Rb7 39. Re3 1-0